| 000 | 01557nam a2200361 i 4500 | ||
|---|---|---|---|
| 001 | 768714001 | ||
| 003 | CO-MdFUSB | ||
| 005 | 20210922123305.0 | ||
| 007 | ta | ||
| 008 | 200505t1994 ck ||||| |||| 00| 0 spa d | ||
| 020 | _a9781560635628 | ||
| 040 |
_aCO-MdFUSB _bspa _cCO-MdFUSB _dCO-MdFUSBC _erda |
||
| 041 | _aspa | ||
| 082 |
_223 _a241.5 _bF363m |
||
| 100 |
_aFernández, Silvia Bolet de, _cautor |
||
| 245 | 1 | 0 |
_aMejorando su relación personal _b: fundamentos de las reglas de oro. _c/ Silvia Bolet de Fernández ; Cubierta diseñada por Barbara Wood |
| 250 | _aPrimera edición | ||
| 264 | 1 |
_aColombia : _bUnilit, _c[1994] |
|
| 264 | 4 | _c©1994 | |
| 300 |
_c67 páginas ; _a21 cm |
||
| 336 |
_2rdacontent _atexto _btxt |
||
| 337 |
_2rdamedia _asin mediación _bn |
||
| 338 |
_2rdacarrier _avolumen _bnc |
||
| 490 | _aCreciendo | ||
| 505 |
_tPrimera parte: Una introducción que debe ser leída _a¿Para qué sirven los ídolos? -- ¿Qué amemos a quién? -- Esto es sólo el comienzo... -- ¿Que hacer con las personas imposibles? -- Evitando la ley del embudo -- La perfecta manera de amar -- Quién es mi prójimo. |
||
| 505 |
_tSegunda parte: ¿Qué es la justicia? _a¿Qué es el justo juicio de Dios? -- la belleza del juicio de Dios -- juzgando a la ligera -- Sea libre -- Dando a Dios y el prójimo -- De tal palo tal astilla -- Una mirada al interior. |
||
| 650 | 7 |
_9280 _aDios _xJusticia |
|
| 650 | 0 |
_919 _aVida cristiana |
|
| 650 | 0 |
_9230 _aPsicología pastoral |
|
| 653 | _aRelaciones sociales. | ||
| 942 | _cBK | ||
| 945 | _aDani | ||
| 999 |
_c65836 _d65836 |
||